| 000 | 01564cam a2200397 4500 | ||
|---|---|---|---|
| 008 | 090401t1988 xxu||||| |||| 00| 0 eng d | ||
| 020 | _a0333318234 | ||
| 035 | _a(Sirsi) u76554 | ||
| 041 | _aeng | ||
| 050 |
_a690.2 _c18 |
||
| 100 | _aMika, S. L. J. | ||
| 245 | _aStructural surveying | ||
| 250 | _a2nd ed. | ||
| 260 |
_aBasingstoke _bMacmillan _c1988 |
||
| 300 |
_axiii, 177p. _bill. _c22cm. |
||
| 350 | _a25 | ||
| 520 | _aDiscusses all aspects of domestic building inspections from instruction to report writing. Individual chapters consider survey types and forms, decay and surveyors' legal liabilities as well as different elements of the building. The four appendices cover wood-boring insects, decay and fungi, a specimen reconnaissance survey report and period classification. | ||
| 650 | _aBUILDING DEFECTS | ||
| 650 |
_aBlock management _96220 |
||
| 650 | _aDATING HOUSES | ||
| 650 | _aBUILT ENVIRONMENT-BUILDING ELEMENTS-COMPLETE BUILDING ELEMENTS-FLOORS | ||
| 650 | _aBUILT ENVIRONMENT-BUILDING ELEMENTS-COMPLETE BUILDING ELEMENTS-FOUNDATIONS | ||
| 650 | _aJOINERY | ||
| 650 | _aMEASURED SURVEYS | ||
| 650 | _aOLDER BUILDINGS | ||
| 650 | _aREPORT WRITING | ||
| 650 | _aBUILT ENVIRONMENT-BUILDING ELEMENTS-COMPLETE BUILDING ELEMENTS-ROOFS | ||
| 650 |
_aSurvey reports _96270 |
||
| 650 | _aTREE ROOTS | ||
| 650 | _aBUILT ENVIRONMENT-BUILDING ELEMENTS-COMPLETE BUILDING ELEMENTS-WALLS | ||
| 650 | _aWOOD ROTTING FUNGI | ||
| 650 | _aWOOD-BORING INSECTS | ||
| 700 | _aDesch, S. C. | ||
| 942 | _n0 | ||
| 948 | _c04/03/1997 | ||
| 999 |
_c96205 _d96205 |
||